000 03021nam a2200457 c 4500
003 BLK
005 20180422113705.0
008 180410b bul|||||r ||||||| ||bul||
010 _aKNG00167264000
020 _a978-954-92946-9-9
_bиздат.: Нар. библ. П. Р. Славейков
040 _aBLK
041 _aBUL
_cBUL
072 7 _2bullib
_aН92
_xИстория Н
080 _aОбявяване на независимостта на България. Период на Балканските войни (1908-1914)
_b94(497.2)"1908/1914"
_x
_z94(497.2)"1908/1914"
080 _aБългария през Първата световна война (1914-1918)
_b94(497.2)"1914/1918"
_x
_z94(497.2)"1914/1918"
080 _aВоенна история - Военни походи, битки, героични подвизи. Вж и 93/99
_b355.48
_x(497.2)"19"
_z355.48(497.2)"19"
100 1 _aМарков, Георги Георгиев
_eпърви автор
_9364352
700 1 _aРадев, Иван Николов
_eсъстав. и ред.
_9363332
139 _aВойните 1912 - 1918
_bВ 80
245 1 0 _aВойните 1912 - 1918
_bДнешен поглед и интерпретации
_cГеорги Георгиев Марков; състав. и ред. Иван Николов Радев.
257 _aBGR
260 В. Търново
_bНар. библ. П. Р. Славейков
_c2014
_fВ. Търново : Сира
300 _a272 с.
_bс портр., факс.
_c21 см
_eCD
380 _a9
500 _aДруги авт. : М. Палангурски, М. Михов, М. Златев, Ем. Александров, Т. Тонков, Св. Радев, Н. Колев, Ч. Ангелов, Ат. Коев, Т. Недева, Сн. Радович, Др. Нягу, К. Иванова, Д. Атанасова, П. Първанов, Ив. Радев, Н. Димитров, Стр. Цанов, Л. Стоянова, Р. Пенчева, Т. Мешекова. - Библиогр. след отд. докл. и под линия. - Прил. със загл. С нами Бог : Часът на Одрин и сигн. CD 3859. Ч. 3 от проекта Електронен архив на документалното наследство за Балканските войни.
650 4 _aБалканска война, 1912 - 1913 г.
_9251383
650 4 _aМеждусъюзническа война, 1913 г.
_9250525
650 4 _aПърва световна война
_9269015
651 4 _aБългария
_9241624
653 _aБалканска война
653 _aМеждусъюзническа война
653 _aПърва световна война
653 _aбългарска история
653 _aвоенна история
659 _aН
852 _aЦб 271507
856 4 _qpdf
_u
856 4 _qpdf
_u
942 _cKNG
_n0
944 _aCR
_c14.11.2014
_lф /
_kВиолета_Тройчева
944 _aED
_c12.11.2015
_lф /
_kЛюдмила_Стоянова
999 _c160062
_d160062